Brawlers Tiro preciso no Brawl Stars - Statistics

Estatísticas Gerais
  • Esse quiz foi jogado 28 vezes
  • A pontuação média é 7 de 10
Estatísticas das Respostas
Resposta % Correto
Piper
100%
Mandy
87%
Brock
78%
Belle
74%
Angelo
65%
Bea
61%
Janet
57%
Bonnie
52%
Maisie
48%
Nani
48%
Nenhum quiz correspondente encontrado
Distribuição das Pontuações
Porcentagem de Pessoas com Cada Pontuação
Percentil de Números Respondidos
Sua Pontuação Histórica
Você não jogou esse quiz